kku e-library facility

Essentials of Physical Chemistry (Record no. 234)

MARC details
000 -LEADER
fixed length control field 00417nam a2200133 4500
005 - DATE AND TIME OF LATEST TRANSACTION
control field 20260424093050.0
008 - FIXED-LENGTH DATA ELEMENTS--GENERAL INFORMATION
fixed length control field 260424b |||||||| |||| 00| 0 eng d
020 ## - INTERNATIONAL STANDARD BOOK NUMBER
International Standard Book Number 978-81-219-2978-3
100 ## - MAIN ENTRY--PERSONAL NAME
Personal name Bahl Arun, Bahl B. S & Tuli G. D
245 ## - TITLE STATEMENT
Title Essentials of Physical Chemistry
Statement of responsibility, etc. /Arun,B.S & G.D
260 ## - PUBLICATION, DISTRIBUTION, ETC.
Place of publication, distribution, etc. New Delhi, India;
Name of publisher, distributor, etc. S Chand and Company Limited;
Date of publication, distribution, etc. 1977
300 ## - PHYSICAL DESCRIPTION
Extent xvii,1262p.ill;
Dimensions 24cm
942 ## - ADDED ENTRY ELEMENTS (KOHA)
Source of classification or shelving scheme Library of Congress Classification
Suppress in OPAC No
Koha item type Books

No items available.

©2025 All rights reserved. KKU